Cartoon Characters Quiz! #6 - Statistics

General Stats
  • This quiz has been taken 72 times
    65 since last reset
  • The average score is 8 of 16
Answer Stats
Picture Answer % Correct
Peppa Pig
93%
Barney
76%
Krusty
76%
Maggie Simpson
69%
Eric Cartman
67%
Dexter
62%
Mr Burns
57%
Milhouse
52%
Butters
48%
Moe
48%
Animaniacs
43%
Pinky & The Brain
43%
Kyle Broflovski
29%
Stan Marsh
29%
Kenny Mccormick
26%
Barney Gumble
12%
No matching quizzes found
Score Distribution
Percent of People with Each Score
Percentile by Number Answered
Your Score History
You have not taken this quiz since the last reset